000 00834nam a22002897a 4500
001 19076783
003 OSt
005 20240625135937.0
008 240625b |||||||| |||| 00| 0 eng d
010 _a 2016939475
020 _a9780128042939
040 _aKMU
_beng
_erda
_cKMU
_dKMU
042 _apcc
050 _aTL725.S44
100 1 _aPrice, Jeffrey C.
245 1 0 _aPractical aviation security :
_bpredicting and preventing future threats /
_cJeffrey C. Price, Jeffrey S. Forrest.
250 _a3rd edn.
263 _a1609
264 1 _aCambridge, MA :
_bElsevier,
_c2016.
300 _apages cm
336 _atext
_btxt
_2rdacontent
337 _aunmediated
_bn
_2rdamedia
338 _avolume
_bnc
_2rdacarrier
906 _a0
_bibc
_corignew
_d2
_eepcn
_f20
_gy-gencatlg
942 _2lcc
_cBK
_n0
999 _c1314
_d1314